Unequal exchange, imperialism and underdevelopment: An essay on the political economy of world capitalism (Record no. 184188)

MARC details
000 -LEADER
fixed length control field 00464nam a2200157Ia 4500
008 - FIXED-LENGTH DATA ELEMENTS--GENERAL INFORMATION
fixed length control field 230917s9999||||xx |||||||||||||| ||und||
020 ## - ISBN
Price RS0.5
040 ## - CATALOGING SOURCE
-- 14201
Original cataloging agency VIVEKANANDA LIBRARY
041 ## - Language
-- English
082 ## - DDC NUMBER
Classification number 330.122 S85U
100 ## - MAIN ENTRY--PERSONAL NAME
Personal name Sau, Ranjit
245 #0 - TITLE STATEMENT
Title Unequal exchange, imperialism and underdevelopment: An essay on the political economy of world capitalism
260 ## - PUBLICATION, DISTRIBUTION, ETC. (IMPRINT)
Place of publication, distribution, etc Calcutta
Name of publisher, distributor, etc Oxford University Press
Date of publication, distribution, etc 1978
300 ## - PHYSICAL DESCRIPTION
Pages x, 202 p.
942 ## - ADDED ENTRY ELEMENTS (KOHA)
Koha item type Books
Holdings
Withdrawn status Lost status Damaged status Not for loan Location (home branch) Sublocation or collection (holding branch) Date acquired Koha issues (times borrowed) Koha full call number Accession No. Koha date last seen Koha item type
        VIVEKANANDA LIBRARY VIVEKANANDA LIBRARY 08/08/2002   330.122 S85U 39440 17/09/2023 Books
        VIVEKANANDA LIBRARY VIVEKANANDA LIBRARY 08/08/2002   330.122 S85U 42620 17/09/2023 Books
        VIVEKANANDA LIBRARY VIVEKANANDA LIBRARY 08/08/2002   330.122 S85U 60287 17/09/2023 Books
© Designed and Maintained by Vivekananda Library, MDU Rohtak